000
00293nam a2200097Ia 4500
005
20251222114350.0
008
251222s1900||||xx |||||||||||||| ||spa||
082
_a
DVD0092/R85/2006/Ej.2
245
0
_a
El Papa Juan Pablo II: constructor de fuentes :Pope John Paul II: Bulde of bridges
942
_c
DVD
999
_c
1194
_d
1194